Saint Quiz! - Statistics

General Stats
  • This quiz has been taken 3 times
    2 since last reset
  • The average score is 6 of 20
Answer Stats
Hint Answer % Correct
Princess, Eastern Europe, married at 14 Elizabeth
100%
Italy, loves animals, friar Francis
100%
16th century, missionary, Jesuit Francis Xavier
50%
Arch angel Gabriel
50%
First Female Monarch of Poland, 14th century Jedwiga
50%
1st century, died in modern day turkey, beloved John
50%
Polish Pope John Paul
50%
Early church, bishop, argument with Peter, wrote letters Paul
50%
First Pope Peter
50%
Nun and little way Therese
50%
City of God Augustine
0%
19th century, missionary, died in America Damian
0%
March 1st Feast and British David of Wales
0%
Third century, Bishop of Paris Denis
0%
Spainish, founder, rosary Dominic
0%
18th century, born in New York, religious sister Elizabeth Ann Seton
0%
Teenage martyr, italy Maria Goretti
0%
Dominican, peru, bilocated Martin
0%
20th century polish martyr Maximilian Kolbe
0%
16th century, judge, opposed the Reformation Thomas More
0%
No matching quizzes found
Score Distribution
Percent of People with Each Score
Percentile by Number Answered
Your Score History
You have not taken this quiz since the last reset